Abundancia : el futuro es mejor de lo que piensas /

Bibliographic Details
Main Authors: Diamandis, Peter H. (Author), Kotler, Steven, 1967- (Author)
Other Authors: Artola, Ricardo, 1962- (Translator)
Format: Electronic eBook
Language:Spanish
English
Published: Barcelona, España : Antoni Bosch editor, [2013]
Subjects:
Online Access:Digitalia Hispánica

MARC

LEADER 00000nam a2200000Ii 4500
001 DIGANBSCH0002
003 NyNyDIG
006 m o d
007 cr |||||||||||
008 240103s2013 sp o 000 0 spa d
035 |a (OCoLC)1165365127 
040 |a DGITA  |b eng  |e rda  |e pn  |c DGITA 
020 |a 9788494043307  |q eBook 
020 |z 9788495348920 
041 1 |a spa  |h eng 
050 1 4 |a T173.8 ebook 
100 1 |a Diamandis, Peter H.,  |e author. 
240 1 0 |a Abundance.  |l Spanish  |s (Artola) 
245 1 0 |a Abundancia :  |b el futuro es mejor de lo que piensas /  |c Peter H. Diamandis y Steven Kotler ; traducción de Ricardo Artola. 
246 3 0 |a Futuro es mejor de lo que piensas 
264 1 |a Barcelona, España :  |b Antoni Bosch editor,  |c [2013] 
300 |a 1 online resource. 
336 |a text  |b txt  |2 rdacontent 
337 |a computer  |b c  |2 rdamedia 
338 |a online resource  |b cr  |2 rdacarrier 
347 |a text file  |2 rdaft 
347 |b PDF 
588 0 |a Online resource; title from PDF title page (Digitalia, viewed January 3, 2024) 
650 0 |a Technological innovations  |x Forecasting. 
650 0 |a Technological forecasting. 
650 0 |a Technology  |x Social aspects. 
650 0 |a Social prediction. 
650 0 |a Economic forecasting. 
700 1 |a Kotler, Steven,  |d 1967-  |e author. 
700 1 |a Artola, Ricardo,  |d 1962-  |e translator. 
700 1 |i Translation of:  |a Diamandis, Peter H.  |t Abundance. 
791 2 |a Digitalia (Firm),  |e distributor. 
793 0 |g Digitalia eBook Collection:  |a Antoni Bosch Editor 
776 0 8 |i Print version:  |a Diamandis, Peter H.  |s Abundance. Spanish (Artola).  |t Abundancia.  |d Barcelona, España : Antoni Bosch editor, [2013]  |z 9788495348920 
856 4 0 |3 Digitalia Hispánica  |u https://www.digitaliapublishing.com/a/84023/ 
910 |a Premium collection: 2024